[Event "Miskolc U18"]
[Site "Miskolc"]
[Date "1999.05.24"]
[Round "7"]
[White "Heindrich, Janos"]
[Black "Husz, Krisztian"]
[Result "1-0"]
[WhiteElo "2054"]
[BlackElo "1492"]
[PlyCount "51"]
[EventDate "1999.05.22"]
[EventType "tourn"]
[EventRounds "7"]
[EventCountry "HUN"]
[SourceTitle "EXT 2004"]
[Source "ChessBase"]
[SourceDate "2003.11.25"]
[SourceVersion "1"]
[SourceVersionDate "2003.11.25"]
[SourceQuality "1"]

1. e4 e5 2. Nf3 Nc6 3. Bc4 Bc5 4. b4 Bxb4 5. c3 Ba5 6. d4 exd4 7. Qb3 Qe7 8. 0-0 f6 9. Bxg8 dxc3 10. Bxh7 g5 11. Bg6+ Kd8 12. Nxc3 g4 13. Ng5 Ne5 14. Nf7+ Nxf7 15. Nd5 Qe5 16. Bf4 Qd4 17. Rad1 Qc5 18. Bxf7 c6 19. Nxf6 Bc7 20. Bxc7+ Kxc7 21. Qg3+ d6 22. Ne8+ Kb6 23. Rb1+ Ka5 24. Rfc1 Qxc1+ 25. Rxc1 b5 26. Qc3+ 1-0

[Event "Miskolc U18"]
[Site "Miskolc"]
[Date "1999.05.24"]
[Round "6"]
[White "Husz, Krisztian"]
[Black "Zabiak, Norbert"]
[Result "0-1"]
[WhiteElo "1492"]
[BlackElo "2021"]
[PlyCount "64"]
[EventDate "1999.05.22"]
[EventType "tourn"]
[EventRounds "7"]
[EventCountry "HUN"]
[SourceTitle "EXT 2004"]
[Source "ChessBase"]
[SourceDate "2003.11.25"]
[SourceVersion "1"]
[SourceVersionDate "2003.11.25"]
[SourceQuality "1"]

1. e4 c5 2. Nf3 Nc6 3. d4 cxd4 4. Nxd4 e6 5. Nxc6 bxc6 6. Nc3 Nf6 7. e5 Nd5 8. Ne4 Qc7 9. Qh5 Be7 10. f4 Qa5+ 11. c3 Nf6 12. Qf3 Nxe4 13. Qxe4 Bb7 14. Be3 Qc7 15. Rd1 0-0 16. Bd3 g6 17. 0-0 c5 18. Qa4 a6 19. c4 Bc6 20. Qc2 d6 21. exd6 Bxd6 22. g4 e5 23. fxe5 Bxe5 24. Bxc5 Rfe8 25. h4 Bd7 26. Qf2 Bxg4 27. Bb6 Qe7 28. Rd2 Be6 29. h5 Qg5+ 30. Qg2 Qxh5 31. Rf3 Rab8 32. Rh3 Bxh3 0-1